[Event "Hebron Al Aqsa op 1st"]
[Site "Hebron"]
[Date "2022.12.15"]
[Round "6"]
[White "Saied, Qayseyeh"]
[Black "Abdelbaset, Taqieddin"]
[Result "0-1"]
[WhiteElo "1423"]
[BlackElo "1529"]
[PlyCount "40"]
[EventDate "2022.12.08"]
[EventType "swiss"]
[EventRounds "9"]
[EventCountry "PLE"]
[SourceTitle "EXT 2024"]
[Source "ChessBase"]
[SourceDate "2023.10.10"]
[SourceVersion "1"]
[SourceVersionDate "2023.10.10"]
[SourceQuality "1"]

1. e4 e6 2. d4 d5 3. Nc3 Nf6 4. Bb5+ c6 5. Bd3 h6 6. e5 Nfd7 7. Be3 c5 8. Nf3 a6 9. Qd2 Nc6 10. Be2 cxd4 11. Nxd4 Ncxe5 12. 0-0 Nf6 13. Rae1 Be7 14. h3 0-0 15. f4 Ned7 16. Nb3 Qc7 17. Bd4 Bd6 18. Rf3 Re8 19. Ref1 b5 20. Rg3 Bb7 0-1